000 01429cam a2200205 4500500
005 20260322000031.0
041 _afre
042 _adc
100 1 0 _aCapestan, Isabelle
_eauthor
700 1 0 _aCouarc'h, Thibault
_eauthor
700 1 0 _aGrenier, Nicolas
_eauthor
700 1 0 _aLévêque, Yannick
_eauthor
700 1 0 _aPelletier, Corinne
_eauthor
700 1 0 _aPriet, Benoît
_eauthor
700 1 0 _aCODADIS S.A.S
_eauthor
245 0 0 _aConcours Sous-officier de gendarmerie externe et interne : Tout-en-un 2025/2026
260 _bDunod,
_c2025.
520 _aCet ouvrage propose une préparation complète aux épreuves du concours Sous-officier de gendarmerie externe (catégorie B).Toutes les épreuves:Composition de culture généraleInventaires de personnalitéEntretien auprès d’un psychologueEntretien avec le juryÉpreuve physiqueQCM d’évaluation numériqueLe programme de révision pour s’organiser.Les connaissances en fiches synthétiques à maîtriser.Les bonnes méthodes pour réussir.Des QCM, exercices, et 6 annales corrigés pour s’évaluer et progresser.Des sujets d’annales et l’actu des 6 derniers mois offerts sur le site www.dunod.comInscriptions: jusqu’à 2 concours peuvent être programmés annuellement (mars et septembre).
856 4 1 _uhttps://droit.cairn.info/concours-sous-officier-de-gendarmerie-externe-et-interne--9782100876303?lang=fr&redirect-ssocas=7080
999 _c1702577
_d1702577